000 00603 a2200217 4500
010 _aTML-30166
020 _c100.00
035 _aTM-28402
037 _bD.B.Act / pub /
082 _a793.74
090 _c3
_d3
100 _aSathyabama,Ka
245 _aAasthana Kolagalam
_cKa. Sathyabama
246 _aஆஸ்தானகோலாகலம்
250 _a1st ed
260 _aThanjavur
_bSaraswathi Mahal Noolagam
_c2004
300 _a314p
_c22cm
650 _aMathematics
942 _cTM
_k793.74 / SAT
999 _c3
_d3